La hierba roja
Uloženo v:
| Hlavní autor: | |
|---|---|
| Médium: | Kniha |
| Jazyk: | Undetermined |
| Vydáno: |
Madrid, España
Bruguera
1982
|
| Témata: | |
| Tagy: |
Přidat tag
Žádné tagy, Buďte první, kdo vytvoří štítek k tomuto záznamu!
|
MARC
| LEADER | 00000nam a2200000Ia 4500 | ||
|---|---|---|---|
| 008 | 170316s9999 xx 000 0 und d | ||
| 040 | |a cru BVZT | ||
| 090 | |a 840 V-10h | ||
| 100 | |a Vian, Boris | ||
| 245 | |a La hierba roja | ||
| 260 | |a Madrid, España | ||
| 260 | |b Bruguera | ||
| 260 | |c 1982 | ||
| 300 | |a 178 páginas | ||
| 650 | |a LITERATURA FRANCESA | ||
| 999 | |c 8036 |d 8036 | ||
| 942 | |c 15 D |h 840 V-10h |2 z | ||
